| 000 | 00401nmm a2200145Ia 4500 | ||
|---|---|---|---|
| 008 | 251105s9999||||xx |||||||||||||||||und|| | ||
| 041 | _aspa | ||
| 100 | _aLaurens, Stephanie | ||
| 245 | 0 | _aDiablo. Serie Los Cynster 1 | |
| 264 |
_a[Madrid, España] : _bEdiciones B, _c2015 |
||
| 300 | _a447 páginas | ||
| 650 | _aRomance | ||
| 856 | _uhttps://public.digitaliapublishing.com/a/52997 | ||
| 942 | _cCF | ||
| 999 |
_c105697 _d105697 |
||